000 00558pam a2200217 a 4500
001 3788473
005 20180129035908.0
008 850115s1985 cau b 001 0 eng
010 _a 84043030
020 _a0875896464 (alk. paper)
040 _aDLC
_cDLC
_dDLC
041 _aeng
080 _a658.407124 LON
082 0 0 _a658.407124 LON
_219
100 1 _a54
101 _aLID
245 1 0 _aDeveloping managers /
_cManuel London.
504 _aBibliography: p. 241-247.
906 _a7
_bcbc
_corignew
_d1
_eocip
_f19
_gy-gencatlg
942 _2ddc
_cBK
999 _c41127
_d41127